Loading...
| History - World | 1 | 2 | 1 | 1 | 30 | 24 | 79.67 | 1 | 3 | 12.44 | 22.22 |
| History - Ancient | 0 | 3 | 0 | 1 | 30 | 94 | 109.00 | 0 | 3 | 9.29 | 39.00 |
| Science - Other | 2 | 0 | 2 | 0 | 20 | 29 | 41.50 | 0 | 2 | 15.02 | 17.22 |
| History - European | 0 | 2 | 0 | 2 | 20 | 106 | 109.50 | 0 | 2 | 1.86 | 8.89 |
| Current Events | 0 | 1 | 0 | 0 | 10 | 91 | 91.00 | 1 | 1 | 8.87 | 33.33 |
| Beliefs | 0 | 1 | 0 | 1 | 10 | 142 | 142.00 | 0 | 0 | 0.06 | 2.08 |
| History - Other | 0 | 1 | 0 | 1 | 10 | 137 | 137.00 | 0 | 1 | 0.18 | 10.00 |
| Geography | 1 | 0 | 1 | 0 | 10 | 25 | 25.00 | 1 | 1 | 26.02 | 33.33 |
| Social Science | 0 | 1 | 1 | 0 | 5 | 93 | 93.00 | 0 | 0 | 1.46 | 1.33 |
| Auditory Arts | 0 | 1 | 1 | 0 | 5 | 78 | 78.00 | 0 | 1 | 3.95 | 8.89 |
| History - American | 0 | 0 | 1 | 0 | -5 | 0.00 | 0 | 0 | 0.00 | 0.00 |